MARC details
| 000 -LEADER |
| campo de control de longitud fija |
01360nam a2200337 i 4500 |
| 001 - NÚMERO DE CONTROL |
| campo de control |
193732 |
| 003 - IDENTIFICADOR DE NÚMERO DE CONTROL |
| campo de control |
ES-MaACL |
| 005 - FECHA Y HORA DE LA ÚLTIMA TRANSACCIÓN |
| campo de control |
20240209063133.0 |
| 007 - CAMPO FIJO DE DESCRIPCIÓN FÍSICA--INFORMACIÓN GENERAL |
| campo de control de longitud fija |
ta |
| 008 - DATOS DE LONGITUD FIJA--INFORMACIÓN GENERAL |
| campo de control de longitud fija |
240207s1911||||fr a freb 000 0 fre d |
| 035 ## - NÚMERO DE CONTROL DEL SISTEMA |
| Número de control de sistema |
(OCoLC)23412317 |
| 035 ## - NÚMERO DE CONTROL DEL SISTEMA |
| Número de control de sistema |
ocm23412317 |
| 035 ## - NÚMERO DE CONTROL DEL SISTEMA |
| Número de control de sistema |
02196985X |
| 040 ## - FUENTE DE CATALOGACIÓN |
| Centro catalogador/agencia de origen |
ABES |
| Lengua de catalogación |
fre |
| Normas de descripción |
AFNOR |
| Centro/agencia transcriptor |
ES-MaACL |
| 100 1# - ENTRADA PRINCIPAL--NOMBRE DE PERSONA |
| Nombre de persona |
Ferroux, Georges, |
| Fechas asociadas al nombre |
18..-....; |
| 9 (RLIN) |
235100 |
| 245 10 - MENCIÓN DEL TÍTULO |
| Título |
Essais des machines à courant continu / |
| Mención de responsabilidad, etc. |
par G. Ferroux .... |
| 264 #1 - PRODUCCIÓN, PUBLICACIÓN, DISTRIBUCIÓN, FABRICACIÓN Y COPYRIGHT |
| Producción, publicación, distribución, fabricación y copyright |
Paris : |
| Nombre del de productor, editor, distribuidor, fabricante |
Librairie des Sciences et de l'Industrie : |
| -- |
L. Geisler, imprimeur-éditeur, |
| Fecha de producción, publicación, distribución, fabricación o copyright |
1911. |
| 300 ## - DESCRIPCIÓN FÍSICA |
| Extensión |
195 páginas : |
| Otras características físicas |
Ilustraciones, diagramas ; |
| Dimensiones |
25 cm. |
| 336 ## - TIPO DE CONTENIDO |
| Código de tipo de contenido |
txt |
| Fuente |
rdacontent |
| Término de tipo de contenido |
texto |
| 337 ## - TIPO DE MEDIO |
| Código del tipo de medio |
n |
| Fuente |
rdamedia |
| Nombre/término del tipo de medio |
sin mediación |
| 337 ## - TIPO DE MEDIO |
| Código del tipo de medio |
n |
| Fuente |
isbdmedia |
| Nombre/término del tipo de medio |
sin mediación |
| 338 ## - TIPO DE SOPORTE |
| Código del tipo de soporte |
nga |
| Fuente |
RDAfrCarrier |
| Nombre/término del tipo de soporte |
volumen |
| 490 1# - MENCIÓN DE SERIE |
| Mención de serie |
Encyclopédie électrotechnique ; |
| Designación de volumen o secuencia |
47e Fascicule |
| 562 ## - NOTA DE IDENTIFICACIÓN DE LA COPIA Y VERSIÓN |
| Marcas de identificación |
Ouvrage relié avec 3 autres documents de la collection "Encyclopédie électrotechnique |
| 650 #7 - PUNTO DE ACCESO ADICIONAL DE MATERIA--TÉRMINO DE MATERIA |
| Término de materia o nombre geográfico como elemento de entrada |
Máquinas de corriente continua |
| 9 (RLIN) |
157493 |
| 830 ## - PUNTO DE ACCESO ADICIONAL DE SERIE-TÍTULO UNIFORME |
| 9 (RLIN) |
235039 |
| Título uniforme |
Encyclopédie électrotechnique ; |
| Designación de volumen o secuencia |
47 |
| 852 ## - LOCALIZACIÓN |
| Ubicación |
ES-MaACL |
| Sublocalización o colección |
R.M.8254 |
| itemnumber |
201266 |
| Número de control de estantería |
D-8708 |
| Ubicación en estantería |
Sala Valle Inclán |
| Marcas de propiedad |
Sello en tinta en portada: "Ateneo de Madrid. Biblioteca" |
| 942 ## - ELEMENTOS DE ENTRADA SECUNDARIOS (KOHA) |
| Suprimir en OPAC |
No |
| Tipo de ítem Koha |
Libro impreso |